书目信息 |
| 题名: |
历代名句详解辞典
|
|
| 作者: | 刘允声 , 陶麟 , 王问渔 , 黄庆发 编著 | |
| 分册: | ||
| 出版信息: | 北京 金盾出版社 2005 |
|
| 页数: | 68,929页 | |
| 开本: | 19cm | |
| 丛书名: | ||
| 单 册: | ||
| 中图分类: | H136.3-61 | |
| 科图分类: | ||
| 主题词: | 汉语--名句--词典 , 名句--汉语--词典 | |
| 电子资源: | ||
| ISBN: | 7-5082-0322-4 | |
| 000 | 00939nam0 2200301 45 | |
| 001 | 070730000912 | |
| 005 | 20071015100216.34 | |
| 010 | @a7-5082-0322-4@b精装@dCNY36.00 | |
| 100 | @a20030409d2005 ekmy0chiy0120 ea | |
| 101 | 0 | @achi |
| 102 | @aCN@b110000 | |
| 105 | @ay e 001yy | |
| 200 | 1 | @a历代名句详解辞典@ALi Dai Ming Ju Xiang Jie Ci Dian@f王问渔…[等]编著 |
| 210 | @a北京@c金盾出版社@d2005 | |
| 215 | @a68,929页@d19cm | |
| 304 | @a本书责任者还有:刘允声、陶麟、黄庆发。 | |
| 320 | @a有索引(第68页) | |
| 330 | @a本辞典共收历代名句1900余条。每条设语译、注释、出处和说明等义项。 | |
| 333 | @a读者对象:一般读者。 | |
| 606 | 0 | @a汉语--名句@x词典 |
| 606 | 0 | @a名句--汉语@x词典 |
| 690 | @aH136.3-61@v4 | |
| 701 | 0 | @a刘允声@ALiu Yun Sheng@4编著 |
| 701 | 0 | @a陶麟@ATao Lin@4编著 |
| 701 | 0 | @a王问渔@AWang Wen Yu@4编著 |
| 701 | 0 | @a黄庆发@AHuang Qing Fa@4编著 |
| 801 | 0 | @aCN@c20071015 |
| 905 | @dH136.3-61@eW3701 | |
| 历代名句详解辞典/王问渔…[等]编著.-北京:金盾出版社,2005 |
| 68,929页;19cm |
| 使用对象:读者对象:一般读者。 |
| ISBN 7-5082-0322-4(精装):CNY36.00 |
| 本辞典共收历代名句1900余条。每条设语译、注释、出处和说明等义项。 |
| ● |
| 相关链接 |
|
|
|
正题名:历代名句详解辞典
索取号:H136.3-61/W3701
 
预约/预借
| 序号 | 登录号 | 条形码 | 馆藏地/架位号 | 状态 | 备注 |
| 1 | 651575 | 206515751 | 语言库209/209语言库 73排1列2层/ [索取号:H136.3-61/W3701] | 在馆 |